Scottish Law Commission (Record no. 120677)

MARC details
000 -LEADER
fixed length control field 00889cai a22001935a 4500
001 - CONTROL NUMBER
control field L144597
008 - FIXED-LENGTH DATA ELEMENTS--GENERAL INFORMATION
fixed length control field 080730u stk g v 000 0 eng d
035 ## - SYSTEM CONTROL NUMBER
System control number (Sirsi) u144597
041 0# - LANGUAGE CODE
Language code of text/sound track or separate title eng
110 2# - MAIN ENTRY--CORPORATE NAME
Corporate name or jurisdiction name as entry element Scottish Law Commission
9 (RLIN) 1410
245 00 - TITLE STATEMENT
Title Scottish Law Commission
Medium [electronic resource]
520 ## - SUMMARY, ETC.
Summary, etc. The website of the Scottish Law Commission aims to recommend ways of simplifying, updating and improving the laws of Scotland. Provides information free of charge on the Scottish Law Commission and its structure. Presents its current program of Law reform, current projects and publications (discussion papers, reports, news releases and newsletter).
590 ## - LOCAL NOTE (RLIN)
Local note KA
650 24 - SUBJECT ADDED ENTRY--TOPICAL TERM
Topical term or geographic name entry element SCOTTISH LAW COMMISSION
651 #4 - SUBJECT ADDED ENTRY--GEOGRAPHIC NAME
Geographic name Scotland
Chronological subdivision 1999-
690 ## - LOCAL SUBJECT ADDED ENTRY--TOPICAL TERM (OCLC, RLIN)
Topical term or geographic name as entry element LAW
856 40 - ELECTRONIC LOCATION AND ACCESS
Uniform Resource Identifier <a href="https://www.scotlawcom.gov.uk/">https://www.scotlawcom.gov.uk/</a>
Public note View this website free of charge at www.scotlawcom.gov.uk
942 ## - ADDED ENTRY ELEMENTS (KOHA)
Suppress in OPAC 0
Holdings
Withdrawn status Lost status Source of classification or shelving scheme Damaged status Not for loan Home library Current library Shelving location Date acquired Total Checkouts Full call number Barcode Date last seen Copy number Price effective from Koha item type
    Dewey Decimal Classification     Virtual Virtual Online 30/07/2008   ONLINE PUBLICATION 144597-1001 06/08/2019 1 06/08/2019 Online material